Statistics for The Office (U.S.) Cast

Click here to take the quiz!

General Stats

  • This quiz has been taken 288 times
  • The average score is 25 of 30

Answer Stats

Hint Answer % Correct
Angela KinseyAngela Martin
100%
Steve CarellMichael Scott
100%
Oscar NunezOscar Martinez
100%
Rainn WilsonDwight Schrute
100%
Creed BrattonCreed Bratton
99%
John KrasinskiJim Halpert
99%
Jenna FischerPam Beesly
99%
Ed HelmsAndy Bernard
99%
B.J. NovakRyan Howard
99%
Phyllis SmithPhyllis Lapin
98%
Mindy KalingKelly Kapoor
97%
Brian BaumgartnerKevin Malone
97%
Paul LiebersteinToby Flenderson
92%
Ellie KemperErin Hannon
89%
Craig RobinsonDarryl Philbin
88%
Leslie David BakerStanley Hudson
88%
Kate FlanneryMeredith Palmer
86%
Melora HardinJan Levinson
86%
James SpaderRobert California
80%
Andy BuckleyDavid Wallace
80%
Rashida JonesKaren Filippelli
78%
Amy RyanHolly Flax
70%
Jake LacyPete Miller
69%
Clark DukeClark Green
68%
Zach WoodsGabe Lewis
64%
Catherine TateNellie Bertram
64%
David DenmanRoy Anderson
61%
David KoechnerTodd Packer
57%
Michael SchurMose Schrute
49%
Mark ProkschNate
27%

Score Distribution

Percentile by Number Answered

Percent of People with Each Score

Your Score History

You have not taken this quiz